000 00593nam a2200205Ia 4500
005 20250508162933.0
008 008 250505s9999 xx 000 0 eng d
020 _a81-7099-335-0
037 _aTextual
040 _aFEDL
_beng
_cFEDL
041 _aeng
_2eng
084 _a371.3, SAM
_qFEDL
100 _aSamanta R K
_9311820
245 0 _aManual on instructional aids for teaching excellence
260 _aNew Delhi, India
_bMittal Publications
_c1991
300 _aviii,160p
650 _aTeaching Technique
942 _cTEXL
_h371.3, SAM
999 _c1379531
_d1379531